Finite element analysis : (Record no. 23217)
[ view plain ]
| 000 -LEADER | |
|---|---|
| fixed length control field | 01005nam a22003131i 4500 |
| 001 - CONTROL NUMBER | |
| control field | 017028274 |
| 003 - CONTROL NUMBER IDENTIFIER | |
| control field | Uk |
| 005 - DATE AND TIME OF LATEST TRANSACTION | |
| control field | 20161121100215.0 |
| 008 - FIXED-LENGTH DATA ELEMENTS--GENERAL INFORMATION | |
| fixed length control field | 160728s 2015enka a fr 001|0|eng|d |
| 015 ## - NATIONAL BIBLIOGRAPHY NUMBER | |
| National bibliography number | GBB6B1950 |
| Source | bnb |
| 016 7# - NATIONAL BIBLIOGRAPHIC AGENCY CONTROL NUMBER | |
| Record control number | 017028274 |
| Source | Uk |
| 020 ## - INTERNATIONAL STANDARD BOOK NUMBER | |
| International Standard Book Number | 9780273774303 (paperback) : |
| 020 ## - INTERNATIONAL STANDARD BOOK NUMBER | |
| International Standard Book Number | 0273774301 (paperback) : |
| 040 ## - CATALOGING SOURCE | |
| Original cataloging agency | StDuBDS |
| Language of cataloging | eng |
| Transcribing agency | StDuBDS |
| Modifying agency | EG-ScBUE |
| 042 ## - AUTHENTICATION CODE | |
| Authentication code | ukblsr |
| 082 04 - DEWEY DECIMAL CLASSIFICATION NUMBER | |
| Edition number | 22 |
| Classification number | 620.00151535 |
| Item number | MOA |
| 100 10 - MAIN ENTRY--PERSONAL NAME | |
| Personal name | Moaveni, Saeed, |
| Relator term | author. |
| 245 10 - TITLE STATEMENT | |
| Title | Finite element analysis : |
| Remainder of title | theory and application with ANSYS / |
| Statement of responsibility, etc | Saeed Moaveni. |
| 250 ## - EDITION STATEMENT | |
| Edition statement | 4th ed., global ed. |
| 260 ## - PUBLICATION, DISTRIBUTION, ETC. (IMPRINT) | |
| Place of publication, distribution, etc | Essex : |
| Name of publisher, distributor, etc | Pearson Education Limited, |
| Date of publication, distribution, etc | 2015. |
| 300 ## - PHYSICAL DESCRIPTION | |
| Extent | 928 p. : |
| Other physical details | ill. (black and white) ; |
| Dimensions | 23 cm. |
| 500 ## - GENERAL NOTE | |
| General note | Index : p. 915-928. |
| 590 ## - LOCAL NOTE (RLIN) | |
| Local note | Wessam |
| 650 #7 - SUBJECT ADDED ENTRY--TOPICAL TERM | |
| Topical term or geographic name as entry element | Finite element method |
| General subdivision | Data processing. |
| Source of heading or term | BUEsh |
| 9 (RLIN) | 18475 |
| 650 #7 - SUBJECT ADDED ENTRY--TOPICAL TERM | |
| Topical term or geographic name as entry element | ANSYS (Computer system). |
| Source of heading or term | BUEsh |
| 9 (RLIN) | 41680 |
| 651 ## - SUBJECT ADDED ENTRY--GEOGRAPHIC NAME | |
| Source of heading or term | BUEsh |
| 653 ## - INDEX TERM--UNCONTROLLED | |
| Resource For college | Engineering, General |
| Arrived date list | November2016 |
| 942 ## - ADDED ENTRY ELEMENTS (KOHA) | |
| Source of classification or shelving scheme | Dewey Decimal Classification |
| Edition | 22 |
| Call number prefix | 620.00151535 MOA |
| Withdrawn status | Item status | Source of classification or shelving scheme | Damaged status | Not for loan | Vendor | Home library | Current library | Shelving location | Date acquired | Source of acquisition | Cost, normal purchase price | Serial Enumeration / chronology | Total Checkouts | Full call number | Barcode | Date last seen | Date last borrowed | Cost, replacement price | Koha item type |
|---|---|---|---|---|---|---|---|---|---|---|---|---|---|---|---|---|---|---|---|
| Dewey Decimal Classification | Baccah | Central Library | Central Library | First floor | 21/11/2016 | Purchase | 480.00 | 25845 | 2 | 620.00151535 MOA | 000034804 | 15/07/2025 | 09/02/2020 | 600.00 | Book - Borrowing |